000 00911nam a2200277Ia 4500
003 OSt
005 20221007124517.0
006 a|||||r|||| 00| 0
007 ta
008 221006b |||||||| |||| 00| 0 eng d
020 _a9783642198632 (pbk)
024 _a190199
037 _b3522, 14/03/2014, Educational Book Agency (India)
_cTextual
040 _aCDL
_cCDL
_beng
041 _2eng
_aeng
082 _aE:24, Q2 Carc
100 _aKeszei Erno
_9719453
245 0 _aChemical thermodynamics: An introduction
260 _aLondon
_bSpringer
_c2012
300 _axii,354p.
_ccm.
500 _ainclude bibliographical references.; Appendix 319-342p.; Index 343-354p.
650 _a Chemical thermodynamics
_9717701
650 _aChemistry
942 _hE:24, Q2 Carc
_cTEXL
_2CC
999 _c1213641
_d1213641